Knowledge engineering and management (Record no. 533)

MARC details
000 -LEADER
fixed length control field 00364nam a2200133Ia 4500
008 - FIXED-LENGTH DATA ELEMENTS--GENERAL INFORMATION
fixed length control field 130318s9999 xx 000 0 und d
020 ## - INTERNATIONAL STANDARD BOOK NUMBER
International Standard Book Number 8173713928
082 ## - DEWEY DECIMAL CLASSIFICATION NUMBER
Classification number 658.4038 SCH/K
100 ## - MAIN ENTRY--PERSONAL NAME
Personal name Schreiber, Guus et al.
245 ## - TITLE STATEMENT
Title Knowledge engineering and management
260 ## - PUBLICATION, DISTRIBUTION, ETC.
Name of publisher, distributor, etc. Universities Press
Place of publication, distribution, etc. Hyderabad
Date of publication, distribution, etc. 2001
300 ## - PHYSICAL DESCRIPTION
Extent 455
650 ## - SUBJECT ADDED ENTRY--TOPICAL TERM
Topical term or geographic name entry element KNOWLEDGE MANAGEMENT
Holdings
Withdrawn status Lost status Damaged status Not for loan Collection code Home library Current library Shelving location Date acquired Cost, normal purchase price Total Checkouts Full call number Barcode Date last seen Price effective from Koha item type
        Knowledge Management/ Management Information System Kerala University of Digital Sciences, Innovation and Technology Knowledge Centre Kerala University of Digital Sciences, Innovation and Technology Knowledge Centre Management 18/03/2013 363.00   658.4038 SCH/K 536 18/03/2013 18/03/2013 Books